[Event "33rd Rilton Cup"]
[Site "Stockholm SWE"]
[Date "2003.12.04"]
[Round "8"]
[White "De Firmian,N"]
[Black "Schlosser,P"]
[Result "1-0"]
[WhiteElo "2553"]
[BlackElo "2560"]

1.e4 c5 2.Nf3 d6 3.d4 cxd4 4.Nxd4 Nf6 5.Nc3 a6 6.f4 e6 7.a4 Nc6 8.Be2 Be7
9.Be3 O-O 10.O-O Qc7 11.Kh1 Re8 12.Bf3 Rb8 13.g4 Bf8 14.g5 Nd7 15.Bg2 b6
16.Rf3 Bb7 17.Rh3 g6 18.Qg4 Bg7 19.Rd1 Nb4 20.Qh4 Nf8 21.Qf2 f6 22.f5 exf5
23.exf5 fxg5 24.f6 Bxg2+ 25.Kxg2 g4 26.Rg3 Bh8 27.Rxg4 Rxe3 28.Qxe3 Bxf6
29.Qf3 Be5 30.Nd5 Nxd5 31.Qxd5+ Kh8 32.Nc6 Re8 33.Nxe5 dxe5 34.Rc4 Qe7 35.Kh1 e4
36.Qd4+ Kg8 37.Qd5+ Kg7 38.Qd4+ Kg8 39.Qd5+ Kg7 40.Re1 e3 41.Rf4 Nd7 42.Rf3 Nf6
43.Qd4 e2 44.Kg1  1-0

[Event "Open"]
[Site "Malmoe SWE"]
[Date "2003.12.21"]
[Round "5"]
[White "Grujic,Ma"]
[Black "De Firmian,N"]
[Result "1-0"]
[WhiteElo "2220"]
[BlackElo "2553"]

1.e4 c5 2.Nf3 d6 3.d4 cxd4 4.Nxd4 Nf6 5.Nc3 a6 6.g3 Nc6 7.Bg2 Bd7 8.O-O e6
9.Nb3 b5 10.Qe2 Be7 11.a4 b4 12.Nd1 O-O 13.Ne3 Qc7 14.f4 Bc8 15.a5 Bb7 16.g4 Nd7
17.g5 Rac8 18.Bd2 Nc5 19.Qh5 Nxb3 20.cxb3 Nd4 21.Bxb4 d5 22.Bxe7 Qxe7 23.exd5 Nc2
24.Nxc2 Rxc2 25.Be4 Qc5+ 26.Kh1 g6 27.Qf3 Bxd5 28.Bxd5 exd5 29.Rad1 Rxb2
30.Rxd5 Qc2 31.Qg3 Re8 32.Re5 Rxe5 33.fxe5 Rxb3 34.Qf4 Qc6+ 35.Kg1 Qc5+ 36.Kh1 Qd5+
37.Kg1 Rb2 38.Rf2 Rb5 39.Re2 Rxa5 40.h4 Ra1+ 41.Kf2 Qh1 42.Qc4 Qg1+ 43.Kf3 Rf1+
44.Ke4 Qg4+ 45.Kd5 Rd1+  1-0

[Event "33rd Rilton Cup"]
[Site "Stockholm SWE"]
[Date "2003.12.27"]
[Round "1"]
[White "De Firmian,N"]
[Black "Wikstrom,J"]
[Result "1-0"]
[WhiteElo "2553"]
[BlackElo "2191"]

1.e4 c5 2.Nf3 d6 3.d4 cxd4 4.Nxd4 Nf6 5.Nc3 a6 6.Be3 e6 7.a4 Nc6 8.Be2 Be7
9.O-O O-O 10.f4 Qc7 11.Kh1 Bd7 12.Nb3 Na5 13.e5 dxe5 14.fxe5 Nd5 15.Nxd5 exd5
16.Nxa5 Qxa5 17.Bd3 Qc7 18.Bd4 b5 19.Qh5 g6 20.Qh6 Be6 21.Rf4 Rfc8 22.axb5 axb5
23.Raf1 Bf8 24.Qg5 Bg7 25.h4 Ra4 26.c3 b4 27.h5 bxc3 28.hxg6 hxg6 29.bxc3 Rca8
30.Bxg6 fxg6 31.Qxg6 Qd7 32.Rh4 Bf7 33.Qh7+ Kf8 34.Bc5+  1-0

[Event "33rd Rilton Cup"]
[Site "Stockholm SWE"]
[Date "2003.12.30"]
[Round "4"]
[White "Volke,K"]
[Black "De Firmian,N"]
[Result "1/2-1/2"]
[WhiteElo "2467"]
[BlackElo "2553"]

1.c4 c5 2.Nf3 Nc6 3.d4 cxd4 4.Nxd4 Nf6 5.g3 Qb6 6.Nc2 e6 7.Bg2 d5 8.O-O dxc4
9.Nba3 Qa6 10.b3 Be7 11.Nxc4 O-O 12.Bb2 Rd8 13.Qe1 b5 14.Na5 Bd7 15.Nxc6 Bxc6
16.Bxf6 gxf6 17.Nb4 Bxb4  1/2-1/2

[Event "33rd Rilton Cup"]
[Site "Stockholm SWE"]
[Date "2003.12.31"]
[Round "5"]
[White "De Firmian,N"]
[Black "Eriksson,Joh"]
[Result "1-0"]
[WhiteElo "2553"]
[BlackElo "2414"]

1.e4 c5 2.Nf3 d6 3.d4 cxd4 4.Nxd4 Nf6 5.Nc3 a6 6.Be3 e6 7.a4 Nc6 8.g3 d5
9.Bg2 Bb4 10.exd5 Nxd5 11.Nxc6 bxc6 12.Bd4 O-O 13.O-O Qa5 14.Na2 Rd8 15.c4 Nb6
16.Nxb4 Qxb4 17.Bc3 Rxd1 18.Bxb4 Rxa1 19.Rxa1 Nxc4 20.Rc1 Ne5 21.f4 Ng4 22.Bxc6 Rb8
23.Bd6 Rb6 24.a5 Rxb2 25.Bf3  1-0

[Event "AS04 Centenary"]
[Site "Copenhagen DEN"]
[Date "2004.02.07"]
[Round "1"]
[White "Nielsen,JoH"]
[Black "De Firmian,N"]
[Result "1/2-1/2"]
[WhiteElo "2034"]
[BlackElo "2523"]

1.Nc3 c5 2.Nf3 g6 3.d4 cxd4 4.Nxd4 Bg7 5.e4 Nc6 6.Be3 Nf6 7.f3 O-O 8.Qd2 d5
9.O-O-O dxe4 10.Nxc6 Qxd2+ 11.Rxd2 bxc6 12.fxe4 Ng4 13.Nd1 Nxe3 14.Nxe3 Bh6
15.Rd3 Be6 16.Kb1 Rfd8 17.Nc4 f5 18.exf5 gxf5 19.Be2 Rxd3 20.Bxd3 Bd5 21.Re1 e6
22.Ne5 Bf4 23.g3 Bxe5 24.Rxe5 Kf7 25.c4 Kf6 26.Re3 Bg2 27.Kc2 e5 28.b4 Rd8
29.a4 f4 30.gxf4 exf4 31.Re2 f3 32.Rf2 Ke5 33.Bf1 Bxf1 34.Rxf1 Kf4 35.Kc3 Re8
36.Kd4 Re2 37.Kc5 Rc2 38.b5 cxb5 39.axb5 f2 40.Kd6 Ke3 41.c5 Ke2 42.Rxf2+ Kxf2
43.c6 h5 44.c7 h4 45.Kd7 Ke3 46.c8=Q Rxc8 47.Kxc8 Kd4 48.Kb7 Kc5 49.Kxa7 Kxb5
50.h3 Kc5 51.Ka6 Kd5 52.Kb5  1/2-1/2

[Event "AS04 Centenary"]
[Site "Copenhagen DEN"]
[Date "2004.02.09"]
[Round "3"]
[White "Nilsson,N"]
[Black "De Firmian,N"]
[Result "0-1"]
[WhiteElo "2126"]
[BlackElo "2523"]

1.d4 Nf6 2.c4 e6 3.Nc3 Bb4 4.e3 b6 5.Ne2 Ne4 6.Bd2 Nxd2 7.Qxd2 O-O 8.a3 Be7
9.g3 Bb7 10.e4 c5 11.d5 exd5 12.exd5 d6 13.Bg2 Nd7 14.O-O Re8 15.Rfe1 a6
16.f4 Bc8 17.g4 Bh4 18.Ng3 Rxe1+ 19.Rxe1 Nf8 20.Bf3 Qc7 21.Nce4 Bb7 22.f5 f6
23.Qf4 Re8 24.Kf1 Re5 25.g5 fxg5 26.Nxg5 Bxg3 27.Qxg3 Rxe1+ 28.Qxe1 h6 29.Ne6 Qf7  0-1

[Event "AS04 Centenary"]
[Site "Copenhagen DEN"]
[Date "2004.02.11"]
[Round "5"]
[White "Naes,F"]
[Black "De Firmian,N"]
[Result "0-1"]
[WhiteElo "2270"]
[BlackElo "2523"]

1.d4 e6 2.Nf3 c5 3.e3 Nf6 4.c4 d5 5.Nc3 Nc6 6.a3 cxd4 7.exd4 Be7 8.Bd3 dxc4
9.Bxc4 O-O 10.O-O b6 11.Qd3 Bb7 12.Rd1 Rc8 13.Ba2 Qc7 14.Ng5 Rcd8 15.Nce4 g6
16.Qh3 h5 17.Nxf7 Rxd4 18.Bh6 Rxe4 19.Ng5 Nd8 20.Bxf8 Kxf8 21.Nxe4 Nxe4 22.Qe3 Nf7
23.Rac1 Qe5 24.Rd7 Bg5 25.f4 Bxf4 26.Rxf7+ Kxf7 27.Rf1 g5 28.g3 Nf6 29.Qxe5 Bxe5
30.Rf5 Bxb2 31.Rxg5 Bxa3 32.Bb1 Bc1 33.Re5 Bd5 34.h3 a5 35.Kf1 a4  0-1

[Event "AS04 Centenary"]
[Site "Copenhagen DEN"]
[Date "2004.02.14"]
[Round "8"]
[White "De Firmian,N"]
[Black "Rozentalis,E"]
[Result "1/2-1/2"]
[WhiteElo "2523"]
[BlackElo "2625"]

1.e4 e5 2.Nf3 Nf6 3.Nxe5 d6 4.Nf3 Nxe4 5.d4 d5 6.Bd3 Bd6 7.O-O O-O 8.c4 c6
9.cxd5 cxd5 10.Nc3 Nxc3 11.bxc3 h6 12.c4 dxc4 13.Bxc4 Nc6 14.h3 Qf6 15.Re1 Bf5
16.Bb2 Nb4 17.Rc1 Rac8 18.Ne5 Bxe5 19.Rxe5 Qg6 20.Qf3 Bd3 21.Bb3 Rxc1+ 22.Bxc1 Nc6
23.Re3 Nxd4 24.Qd1 Nxb3 25.Qxb3 Be4 26.Rg3 Qc6 27.Bb2 Bg6 28.Qe3 Rd8 29.Qxa7 Qe4
30.Kh2 h5 31.Qa5 Rc8 32.a3 Rc2 33.Qd8+ Kh7 34.Qd4 f6 35.Qxe4 Bxe4 36.Bd4 Rd2
37.Bb6 g5 38.Rc3 Kg6 39.a4 f5 40.a5 f4 41.Rc4 Kf5 42.Rc8 Bd5 43.Rf8+ Kg6
44.h4  1/2-1/2

[Event "AS04 Centenary"]
[Site "Copenhagen DEN"]
[Date "2004.02.15"]
[Round "9"]
[White "Pogorelov,R"]
[Black "De Firmian,N"]
[Result "0-1"]
[WhiteElo "2451"]
[BlackElo "2523"]

1.Nf3 c5 2.c4 Nc6 3.d4 cxd4 4.Nxd4 Nf6 5.Nc3 e6 6.a3 Bc5 7.Nb3 Be7 8.e4 O-O
9.Be2 b6 10.O-O Bb7 11.Be3 Rc8 12.f4 d6 13.Rc1 Nb8 14.Qd3 Nbd7 15.Bf3 Qc7
16.Nd2 Qb8 17.b4 Rfd8 18.g4 Nf8 19.g5 N6d7 20.Qe2 Re8 21.Qf2 Bd8 22.h4 a6
23.h5 Ba8 24.Be2 Qb7 25.Qg3 Bc7 26.Kf2 Bb8 27.Rg1 b5 28.cxb5 axb5 29.Nxb5 Nb6
30.Bxb6 Qxb6+ 31.Qe3 Qb7 32.Nb3 Qd7 33.Rxc8 Rxc8 34.Rc1 Rxc1 35.Nxc1 Bc6
36.Qd3 d5 37.e5 Bxb5 38.Qxb5 Qa7+ 39.Kf3 Qxa3+ 40.Nd3 Qa7 41.Nc5 Bc7 42.Qa6 Qb8
43.b5 Bb6 44.Qb7 Qxb7 45.Nxb7 h6 46.Kg4 Nd7 47.Nd6 hxg5 48.Kxg5 Kf8 49.h6 gxh6+
50.Kg4 Bc7 51.Nc8 f6 52.exf6 Nxf6+ 53.Kf3 Nd7 54.Bf1 Ke8 55.Bh3 Nc5 56.b6 Kd8
57.bxc7+ Kxc8 58.f5 Kxc7 59.fxe6 Kd6 60.Kg4 Nxe6 61.Bf1 Ng7 62.Kf4 Ke6 63.Bh3+ Kf6
64.Bc8 Ne6+ 65.Kg4 d4 66.Ba6 Nc5 67.Bf1 Kg6 68.Kf4 h5 69.Bg2 Kf6 70.Bf1 d3
71.Bg2 Ne6+ 72.Ke3 h4 73.Be4 Nc5 74.Bg2 Ke5 75.Bh3 Kd5 76.Bg4 Kc4 77.Kf4 Kd4
78.Kg5 Ke3 79.Kxh4 Ne4 80.Bd1 Nc3 81.Bb3 Ne2 82.Kg4 Nd4 83.Ba4 Nc2 84.Kf5 Kd2
85.Ke4 Kc3 86.Kd5 d2  0-1

[Event "TCh-SWE 2003-4"]
[Site "Goteborg SWE"]
[Date "2004.03.12"]
[Round "9"]
[White "De Firmian,N"]
[Black "Svensson,B"]
[Result "1/2-1/2"]
[WhiteElo "2523"]
[BlackElo "2377"]

1.e4 c5 2.Nf3 Nc6 3.d4 cxd4 4.Nxd4 Nf6 5.Nc3 e5 6.Ndb5 d6 7.Bg5 a6 8.Na3 b5
9.Bxf6 gxf6 10.Nd5 f5 11.c3 Bg7 12.exf5 Bxf5 13.Nc2 O-O 14.Nce3 Be6 15.Bd3 f5
16.O-O Ra7 17.a4 Ne7 18.Nxe7+ Rxe7 19.axb5 axb5 20.Bxb5 d5 21.Ra6 Kh8 22.Qa4 f4
23.Nc2 Bf5 24.Nb4 Ref7 25.Rd1 Qg5 26.Nxd5 Bg4 27.Rd2 Bf3 28.Bf1 e4 29.h4 Qxh4
30.Ra8 Qg5 31.Rxf8+ Rxf8 32.Rd4 Rg8 33.Rxe4 Qxd5 34.Rxf4 Be5 35.Bc4 Rxg2+
36.Kf1 Rxf2+ 37.Kxf2 Qd2+ 38.Kxf3 Qxf4+ 39.Ke2 Qe4+ 40.Kf2 Qf4+ 41.Ke2  1/2-1/2

[Event "12th Sigeman & Co"]
[Site "Malmoe/Copenhagen SWE"]
[Date "2004.04.01"]
[Round "2"]
[White "De Firmian,N"]
[Black "Aagaard,J"]
[Result "1/2-1/2"]
[WhiteElo "2542"]
[BlackElo "2400"]

1.e4 e5 2.Nf3 Nc6 3.Bb5 a6 4.Ba4 Nf6 5.O-O Be7 6.Re1 b5 7.Bb3 d6 8.c3 O-O
9.h3 Na5 10.Bc2 c5 11.d4 Qc7 12.Nbd2 cxd4 13.cxd4 Nc6 14.Nb3 a5 15.Be3 a4
16.Nbd2 Bd7 17.Rc1 Rac8 18.Bb1 Qb8 19.Qe2 Rfe8 20.a3 Bd8 21.dxe5 dxe5 22.Ba2 h6
23.Bc5 Nh5 24.Qd3 Be6 25.Bxe6 Rxe6 26.g3 Nf6 27.Red1 Qb7 28.b4 axb3 29.Nxb3 Re8
30.Bd6 Bb6 31.Kg2 Na7 32.Rxc8 Rxc8 33.Bxe5 Nxe4 34.Bd4 Bxd4 35.Qxd4 Ng5 36.Nd2 Nc6
37.Qe3 Na5 38.h4 Nxf3 39.Nxf3 Nc4 40.Qf4 Nxa3 41.Qf5 Qc6 42.Rd7 Rf8 43.Kh2 Qc2
44.Rd3  1/2-1/2

[Event "12th Sigeman & Co"]
[Site "Malmoe/Copenhagen SWE"]
[Date "2004.04.02"]
[Round "3"]
[White "Hector,J"]
[Black "De Firmian,N"]
[Result "1/2-1/2"]
[WhiteElo "2512"]
[BlackElo "2542"]

1.e4 c5 2.Nf3 d6 3.d4 cxd4 4.Nxd4 Nf6 5.Nc3 a6 6.Rg1 e5 7.Nb3 h5 8.Bg5 Be6
9.Qd2 Nbd7 10.O-O-O Be7 11.Bd3 b5 12.h4 Nb6 13.Na5 Qc7 14.a3 Rc8 15.Bxf6 gxf6
16.f4 exf4 17.Kb1 Kf8 18.Rgf1 Qc5 19.Rxf4 Rg8 20.Nb3 Qe5 21.Rdf1 Rxc3 22.Qxc3 Qxc3
23.bxc3 Rxg2 24.Nd4 Na4 25.Nc6 d5 26.Nxe7 Kxe7 27.exd5 Nxc3+ 28.Kb2 Nxd5
29.Rd4 f5 30.a4 Rg4 31.Rxd5 Bxd5 32.axb5 axb5 33.Rxf5 Bc4 34.Bxc4 bxc4 35.Rxh5 Kf6
36.Kc3 Kg6 37.Rg5+ Rxg5 38.hxg5 Kxg5 39.Kxc4 f5 40.Kd3  1/2-1/2

[Event "12th Sigeman & Co"]
[Site "Malmoe/Copenhagen SWE"]
[Date "2004.04.03"]
[Round "4"]
[White "De Firmian,N"]
[Black "Nielsen,PH"]
[Result "0-1"]
[WhiteElo "2542"]
[BlackElo "2628"]

1.e4 e5 2.Nf3 Nc6 3.Bb5 Nf6 4.O-O Nxe4 5.d4 Nd6 6.Bxc6 dxc6 7.dxe5 Nf5 8.Qxd8+ Kxd8
9.Nc3 Bd7 10.Rd1 Kc8 11.Ng5 Be8 12.h3 b6 13.g4 Nh4 14.f4 Be7 15.Nge4 h5 16.Kf2 Ng6
17.Kg3 Bh4+ 18.Kf3 Be7 19.Kg3 Bh4+ 20.Kf3 Be7 21.Nf2 f6 22.exf6 gxf6 23.f5 Ne5+
24.Kg3 Rg8 25.Nce4 c5 26.Bf4 Nc6 27.c3 a5 28.Kf3 a4 29.Ng3 hxg4+ 30.hxg4 Ra5
31.Rd2 c4 32.a3 Ne5+ 33.Bxe5 Rxe5 34.Nfe4 Bc6 35.Kf4 Rh8 36.Rf1 Rh3 37.Rff2 Rh8
38.Rh2 Re8 39.Rh7 Bxa3 40.Nxf6 Bc5 41.Nxe8 Rxe8 42.Rd4 Bxd4 43.cxd4 b5 44.f6 b4
45.f7 Rf8 46.g5 Bd5 47.g6 c3 48.bxc3 b3 49.Ke5 Rd8 50.Ne4 b2 51.Nd2 a3 52.Rh8 Bxf7
53.Rxd8+ Kxd8 54.gxf7 Ke7  0-1

[Event "12th Sigeman & Co"]
[Site "Malmoe/Copenhagen SWE"]
[Date "2004.05.06"]
[Round "6"]
[White "De Firmian,N"]
[Black "Rozentalis,E"]
[Result "1/2-1/2"]
[WhiteElo "2542"]
[BlackElo "2619"]

1.e4 e5 2.Nf3 Nf6 3.Nxe5 d6 4.Nf3 Nxe4 5.d4 d5 6.Bd3 Nc6 7.O-O Be7 8.c4 Nf6
9.Nc3 O-O 10.h3 Nb4 11.Be2 Be6 12.a3 Nc6 13.c5 Ne4 14.Bf4 Bf6 15.Rc1 Re8
16.Bb5 Nxc3 17.Rxc3 Bd7 18.Bxc6 Bxc6 19.Ne5 Bxe5 20.Bxe5 f6 21.Bg3 Qd7 22.Re1 Re4
23.f3 Rxe1+ 24.Qxe1 Re8 25.Re3 Rxe3 26.Qxe3 a5 27.Qf4 a4 28.h4 h5 29.Qxc7 Qxc7
30.Bxc7 Kf7 31.Kf2 Ke6 32.Ke3 Bb5 33.Kd2 Bf1 34.g3 Bg2 35.Ke2 Bh3 36.Bd6 g6
37.Ke3 Bf1 38.Bc7 Kd7 39.Bb6 Bg2 40.Ke2 Ke7 41.Ba5 Kd7 42.Kf2 Bh3 43.Bd2 Bf5
44.Bh6 Bc2 45.Ke2 f5 46.Bf4 Kc6 47.Be5 Bb3 48.Kd2 Kb5 49.Kc3  1/2-1/2

[Event "12th Sigeman & Co"]
[Site "Malmoe/Copenhagen SWE"]
[Date "2004.05.07"]
[Round "7"]
[White "Hillarp Persson,T"]
[Black "De Firmian,N"]
[Result "1/2-1/2"]
[WhiteElo "2513"]
[BlackElo "2542"]

1.d4 Nf6 2.c4 e6 3.Nc3 Bb4 4.Qc2 O-O 5.e4 d5 6.e5 Ne4 7.a3 Bxc3+ 8.bxc3 c5
9.Bd3 Qa5 10.Ne2 cxd4 11.cxd5 exd5 12.f3 Nxc3 13.Nxd4 Nb5+ 14.Bd2 Nxd4 15.Bxh7+ Kh8
16.Bxa5 Nxc2+ 17.Bxc2 Nc6 18.Bb4 Nxb4 19.axb4 Re8 20.f4 g5 21.O-O Kg7 22.Ra3 gxf4
23.Rxf4 Be6 24.Rg3+ Kf8 25.h4 Ke7 26.h5 Rac8 27.Bd3 Rh8 28.Rh4 Rh6 29.Kf2 Rc3
30.Rf3 Rb3 31.b5 d4 32.g4 Bd5 33.Rf6 Rh8 34.Rh3 Rg8 35.Rf4 Rb2+ 36.Kg3 Rg2+
37.Kh4 Be6 38.Bf5 Bxf5 39.gxf5 f6 40.exf6+ Kxf6 41.Rxd4 Kxf5 42.Rf3+ Ke5
43.Rdd3  1/2-1/2

[Event "Politiken Cup"]
[Site "Copenhagen DEN"]
[Date "2004.07.25"]
[Round "2"]
[White "De Firmian,N"]
[Black "Harstad,C"]
[Result "1-0"]
[WhiteElo "2537"]
[BlackElo "2140"]

1.e4 e5 2.Nf3 Nc6 3.Bb5 a6 4.Ba4 Nf6 5.O-O Nxe4 6.d4 b5 7.Bb3 d5 8.dxe5 Be6
9.Nbd2 Be7 10.c3 Nc5 11.Bc2 Bg4 12.h3 Bh5 13.Re1 Ne6 14.Nf1 Qd7 15.Ng3 Bg6
16.Nf5 O-O 17.Be3 f6 18.Nxe7+ Nxe7 19.exf6 Rxf6 20.Ne5 Qd6 21.Nxg6 Nxg6 22.Qh5 Raf8
23.Rad1 c6 24.g3 Nd8 25.Rd2 Nf7 26.Bd4 Re6 27.Rxe6 Qxe6 28.Re2 Qd6 29.b4 Rd8
30.Bf5 Nf8 31.Qg4 Qh6 32.Re7 Ng6 33.Re6 Qc1+ 34.Kh2 Nh6 35.Qh5 Nxf5 36.Qxf5 Rf8
37.Qg4 Qd2 38.Rxc6 Qxa2 39.Rc7 Rf7 40.Qe6  1-0

[Event "Politiken Cup"]
[Site "Copenhagen DEN"]
[Date "2004.07.25"]
[Round "3"]
[White "Nielsen,Ma"]
[Black "De Firmian,N"]
[Result "0-1"]
[WhiteElo "2259"]
[BlackElo "2537"]

1.e4 c5 2.Nf3 d6 3.d4 cxd4 4.Nxd4 Nf6 5.Nc3 a6 6.g3 Bd7 7.Bg2 Nc6 8.O-O e6
9.Be3 Be7 10.f4 O-O 11.Nxc6 Bxc6 12.g4 Rc8 13.g5 Nd7 14.Qh5 g6 15.Qh6 Re8
16.Rae1 Bf8 17.Qh3 Bg7 18.Nd1 Nc5 19.Bxc5 dxc5 20.e5 Qd4+ 21.Rf2 Red8 22.Bxc6 Rxc6
23.Nc3 Qb4 24.a3 Qxb2 25.Ne4 c4 26.Nf6+ Bxf6 27.gxf6 h5 28.Rg2 Kh7 29.Rf1 Qd4+
30.Kh1 Qe4 31.Kg1 Kh6 32.Qh4 Qe3+ 33.Kh1 Rd2 34.Rg5 Qe2 35.Re1 Qf3+ 36.Kg1 Rc7
37.Rf1 Qe3+ 38.Kh1 Qe2 39.Re1 Qf3+ 40.Kg1 Rcd7  0-1

[Event "Politiken Cup"]
[Site "Copenhagen DEN"]
[Date "2004.07.26"]
[Round "4"]
[White "De Firmian,N"]
[Black "Holst,A"]
[Result "1-0"]
[WhiteElo "2537"]
[BlackElo "2358"]

1.e4 e6 2.d4 d5 3.Nc3 dxe4 4.Nxe4 Bd7 5.Nf3 Bc6 6.Bd3 Nd7 7.O-O Ngf6 8.Ned2 Be7
9.c3 O-O 10.Re1 Re8 11.a4 a5 12.Nc4 Bxf3 13.Qxf3 c6 14.Bc2 g6 15.Bh6 Nd5
16.Rad1 Qc7 17.g3 Bf8 18.Bxf8 Rxf8 19.Ne5 Rad8 20.Ng4 Kg7 21.Qe2 N7f6 22.Ne5 Rc8
23.Bb3 Rfd8 24.Rd2 Rf8 25.Rd3 Rcd8 26.Red1 Nd7 27.Nf3 N7f6 28.Re1 Rc8 29.Qd2 Nd7
30.Re4 N7f6 31.Rh4 h5 32.Ne5 Rh8 33.Rf3 Rcf8 34.h3 Qe7 35.c4 Nc7 36.Rhf4 Nce8
37.h4 Qc7 38.Qc3 Qd8 39.Bc2 Rh7 40.b4 Kg8 41.bxa5 Nd7 42.a6 Nxe5 43.dxe5 bxa6
44.Bxg6 Qd1+ 45.Kg2 Rg7 46.Rd4 Qxa4 47.Bc2 Qa2 48.Rd1 Rg4 49.Rf4  1-0

[Event "Politiken Cup"]
[Site "Copenhagen DEN"]
[Date "2004.07.29"]
[Round "7"]
[White "Jakobsen,O"]
[Black "De Firmian,N"]
[Result "1/2-1/2"]
[WhiteElo "2379"]
[BlackElo "2537"]

1.d4 Nf6 2.c4 e6 3.Nf3 c5 4.d5 exd5 5.cxd5 d6 6.Nc3 g6 7.e4 a6 8.h3 b5 9.Bd3 Bg7
10.a3 O-O 11.O-O Nbd7 12.Bf4 Qb6 13.Qd2 Re8 14.Rfe1 Bb7 15.b4 Rac8 16.Rac1 Ba8
17.Bh6 Bh8 18.Bf4 Nh5 19.Be3 Qb8 20.g4 Nhf6 21.Bf4 h5 22.g5 Nh7 23.Ne2 Nhf8
24.Bb1 Qb6 25.Kg2 Bb7 26.Bg3 Bg7 27.Neg1 Ba8 28.Ne2  1/2-1/2

[Event "Politiken Cup"]
[Site "Copenhagen DEN"]
[Date "2004.07.30"]
[Round "8"]
[White "De Firmian,N"]
[Black "Bromann,T"]
[Result "1-0"]
[WhiteElo "2537"]
[BlackElo "2348"]

1.e4 e6 2.d4 d5 3.Nc3 Nf6 4.e5 Nfd7 5.f4 c5 6.Nf3 Nc6 7.Be3 a6 8.Qd2 b5 9.Be2 b4
10.Nd1 Be7 11.O-O O-O 12.Nf2 a5 13.Nd3 cxd4 14.Nxd4 Nxd4 15.Bxd4 Ba6 16.f5 exf5
17.Rxf5 Rc8 18.Raf1 Bxd3 19.Bxd3 Bc5 20.c3 bxc3 21.bxc3 g6 22.R5f2 Qe7 23.Re1 a4
24.h3 Rb8 25.Qe3 Rb6 26.Qf3 Bxd4 27.cxd4 Qb4 28.Rd1 Qa5 29.Qg4 Nb8 30.Rdf1 Qc3
31.Rf3 Qd2 32.R1f2 Qc1+ 33.Kh2 Kg7 34.Rc2 Qe1 35.Rc7 Na6 36.Bxa6 Rxa6 37.Qd7 Qe4
38.Rxf7+ Rxf7 39.Qxf7+ Kh6 40.Qf8+ Kg5 41.Rxh7 Qf4+ 42.Qxf4+ Kxf4 43.Rd7 Ke4
44.Rd6 Ra7 45.Rxg6 Kxd4 46.e6 Ke3 47.Rg5 Ke4 48.Rg4+ Ke3 49.Rg3+ Ke4 50.Kg1 d4
51.Kf2 Re7 52.Rg6 Kd3 53.Rf6 Kc2 54.Rf4 d3 55.Rc4+ Kd1 56.Rc6 d2 57.g4 Re8
58.g5 Rf8+ 59.Ke3 Ke1 60.Rd6 d1=Q 61.Rxd1+ Kxd1 62.Kd4 Kc2 63.g6 Kb2 64.g7 Ra8
65.Ke5 Kxa2 66.Kf6 a3 67.Kf7 Kb1 68.g8=Q Rxg8 69.Kxg8 a2 70.e7 a1=Q 71.e8=Q Qa2+
72.Kh7 Qa7+ 73.Kh6 Qf2 74.Qe4+ Kb2 75.h4 Kc3 76.h5 Qf6+  1-0

[Event "Politiken Cup"]
[Site "Copenhagen DEN"]
[Date "2004.07.31"]
[Round "9"]
[White "Hansen,Cu"]
[Black "De Firmian,N"]
[Result "1/2-1/2"]
[WhiteElo "2635"]
[BlackElo "2537"]

1.d4 e6 2.c4 Nf6 3.Nc3 Bb4 4.e3 b6 5.Ne2 c5 6.a3 Ba5 7.Rb1 Na6 8.Ng3 Bb7
9.Bd3 O-O 10.O-O d5 11.cxd5 cxd4 12.Nce2 dxe3 13.b4 exf2+ 14.Rxf2 Ng4 15.Rf4 Qxd5
16.Bxh7+ Kxh7 17.Qxd5 Bxd5 18.Rxg4  1/2-1/2

[Event "34th Rilton Cup"]
[Site "Stockholm SWE"]
[Date "2004.12.27"]
[Round "1"]
[White "Hansson,H"]
[Black "De Firmian,N"]
[Result "0-1"]
[WhiteElo "2137"]
[BlackElo "2550"]

1.d4 Nf6 2.c4 e6 3.Nf3 c5 4.e3 d5 5.Be2 Nc6 6.O-O cxd4 7.Nxd4 Bd6 8.Nc3 O-O
9.Nxc6 bxc6 10.b3 Qe7 11.Bb2 Rd8 12.cxd5 exd5 13.Bf3 Bf5 14.Rc1 Rac8 15.g3 Be5
16.Qe2 Bh3 17.Rfd1 Qe6 18.Na4 Bxb2 19.Nxb2 Qf5 20.Nd3 h5 21.Nf4 Bg4 22.Bxg4 hxg4
23.h3 gxh3 24.Qf1 h2+ 25.Kxh2 g5 26.Nd3 Kg7 27.f3 Rh8+ 28.Kg2 Rh6 29.g4 Nxg4
30.fxg4 Qxg4+ 31.Kf2 Rh2+ 32.Ke1 Re8 33.Nf2 Rxe3+ 34.Kd2 Rf3 35.Ke1 Rfxf2
36.Qxf2 Qe4+ 37.Kf1 Rh1+ 38.Qg1 Qf3+  0-1

[Event "34th Rilton Cup"]
[Site "Stockholm SWE"]
[Date "2004.12.28"]
[Round "2"]
[White "De Firmian,N"]
[Black "Karlsson,T"]
[Result "1-0"]
[WhiteElo "2550"]
[BlackElo "2267"]

1.e4 e6 2.d4 d5 3.Nc3 Bb4 4.e5 c5 5.a3 Bxc3+ 6.bxc3 Ne7 7.Nf3 Nbc6 8.Be2 Qa5
9.Bd2 O-O 10.O-O c4 11.Re1 Bd7 12.Bf1 h6 13.g3 f5 14.exf6 Rxf6 15.Nh4 Raf8
16.Re2 Nf5 17.Nxf5 Rxf5 18.Qe1 R5f6 19.Bf4 Rxf4 20.gxf4 Qc7 21.Qd2 Rxf4 22.Rae1 Qd6
23.Bh3 Rf6 24.Re3 Nd8 25.Qc1 Be8 26.Rg3 Bg6 27.f3 Kh7 28.Re2 Nc6 29.Qe1 Nd8
30.Kh1 Bf5 31.Reg2 g5 32.a4 Nc6 33.Bxf5+ Rxf5 34.h4 Kg6 35.hxg5 Rxg5 36.Rxg5+ hxg5
37.Qh4  1-0

[Event "34th Rilton Cup"]
[Site "Stockholm SWE"]
[Date "2004.12.29"]
[Round "3"]
[White "Peng Zhaoqin"]
[Black "De Firmian,N"]
[Result "0-1"]
[WhiteElo "2420"]
[BlackElo "2550"]

1.d4 Nf6 2.c4 e6 3.Nf3 c5 4.d5 exd5 5.cxd5 d6 6.Nc3 g6 7.h3 a6 8.a4 Qe7 9.Bf4 Nbd7
10.e3 Bg7 11.Nd2 Ne5 12.Be2 O-O 13.O-O Nfd7 14.Bh2 f5 15.Qc2 Nf6 16.Rae1 Bd7
17.a5 Rae8 18.Qb3 Bc8 19.Bg3 g5 20.f4 Ng6 21.Nc4 g4 22.Bd3 Nh5 23.Ne2 gxh3
24.gxh3 Kh8 25.Kh2 Bf6 26.Rg1 Rg8 27.Qc2 Bh4 28.Qc3+ Rg7 29.Ref1 Rg8 30.Bxh4 Nxh4
31.Rg5 Nf6 32.Qe1 Ng6 33.Ng3 h6 34.Rxf5 Nh4 35.Rxf6 Qxf6 36.Nh5 Nf3+ 37.Rxf3 Qh4
38.Qc3 Qxh5 39.Rg3 Bf5 40.Bf1 Qh4  0-1

[Event "34th Rilton Cup"]
[Site "Stockholm SWE"]
[Date "2004.12.31"]
[Round "5"]
[White "Ivanov,Se1"]
[Black "De Firmian,N"]
[Result "1/2-1/2"]
[WhiteElo "2553"]
[BlackElo "2550"]

1.Nf3 c5 2.c4 Nc6 3.d4 cxd4 4.Nxd4 Nf6 5.Nc3 e6 6.g3 Bc5 7.Nb3 Bb4 8.Bg2 b6
9.O-O Ba6 10.c5 Rc8 11.Na4 Bc4 12.Be3 b5  1/2-1/2

[Event "34th Rilton Cup"]
[Site "Stockholm SWE"]
[Date "2005.01.04"]
[Round "8"]
[White "De Firmian,N"]
[Black "Hermansson,E"]
[Result "1-0"]
[WhiteElo "2550"]
[BlackElo "2414"]

1.e4 c6 2.d4 d5 3.Nc3 dxe4 4.Nxe4 Bf5 5.Ng3 Bg6 6.h4 h6 7.Nf3 Nd7 8.h5 Bh7
9.Bd3 Bxd3 10.Qxd3 e6 11.Bf4 Ngf6 12.O-O-O Be7 13.Ne5 O-O 14.Ne4 Qa5 15.Nxd7 Nxd7
16.Kb1 Nf6 17.Be5 Ng4 18.Bg3 Rad8 19.Qb3 Qb5 20.Qf3 Qf5 21.Qe2 Rd7 22.f3 Nf6
23.Be5 Rfd8 24.g4 Qh7 25.Nf2 Bd6 26.Nd3 b6 27.Ka1 Nd5 28.a3 Ne7 29.c3 Nd5
30.Ka2 Be7 31.Bg3 Bf6 32.Rhe1 c5 33.Ne5 Bxe5 34.Bxe5 cxd4 35.Bxd4 Nf4 36.Qe5 f6
37.Qxf4 e5 38.Qe4 Qxe4 39.Rxe4 Kf7 40.Kb3 g6 41.f4 exd4 42.hxg6+ Kxg6 43.f5+  1-0

[Event "34th Rilton Cup"]
[Site "Stockholm SWE"]
[Date "2005.01.05"]
[Round "9"]
[White "Aagaard,J"]
[Black "De Firmian,N"]
[Result "1/2-1/2"]
[WhiteElo "2431"]
[BlackElo "2550"]

1.d4 Nf6 2.c4 e6 3.Nc3 Bb4 4.e3 b6 5.Ne2 Ne4 6.Bd2 Nxd2 7.Qxd2 Ba6 8.Nf4 O-O
9.Be2 Bb7 10.Nd3 Bxc3 11.Qxc3 d6 12.O-O c5 13.dxc5 bxc5 14.Rfd1 Qe7 15.Rd2 Nc6  1/2-1/2

[Event "TCh-SWE Elitserien 2004-5"]
[Site "Malmo SWE"]
[Date "2005.03.11"]
[Round "9"]
[White "De Firmian,N"]
[Black "Sjodahl,P"]
[Result "0-1"]
[WhiteElo "2550"]
[BlackElo "2422"]

1.e4 e6 2.d4 d5 3.Nc3 Bb4 4.e5 c5 5.a3 Bxc3+ 6.bxc3 Ne7 7.Nf3 b6 8.Bb5+ Bd7
9.Bd3 Ba4 10.O-O h6 11.Re1 Nd7 12.dxc5 Nxc5 13.Nd4 Nxd3 14.Qxd3 Qd7 15.Qg3 Kf8
16.Rb1 Nc6 17.Rb2 Rc8 18.Bd2 Nxd4 19.cxd4 Bxc2 20.h3 Kg8 21.Rc1 Bg6 22.Rxc8+ Qxc8
23.Rb3 Qc4 24.Qe3 Kh7 25.Rc3 Qa4 26.Rc7 a5 27.Kh2 Rb8 28.f3 Kg8 29.g4 Qe8
30.Qc3 Qb5 31.Kg3 Qf1 32.Be3 Ra8 33.Bf2 b5 34.Qc6 Rb8 35.Qd6 Rf8 36.Qb6 h5
37.gxh5 Bf5 38.Qxa5 Qxh3+ 39.Kf4 Bd3 40.Qe1 Qxh5 41.Rc3 f6 42.Ke3 fxe5 43.Kxd3 Qxf3+
44.Be3 Qe4+ 45.Kd2 exd4 46.Bxd4 Qxd4+ 47.Kc1 e5 48.Kb1 b4  0-1

[Event "TCh-SWE Elitserien 2004-5"]
[Site "Malmo SWE"]
[Date "2005.03.12"]
[Round "10"]
[White "Svensson,B"]
[Black "De Firmian,N"]
[Result "1/2-1/2"]
[WhiteElo "2390"]
[BlackElo "2550"]

1.e4 c5 2.Nf3 d6 3.d4 cxd4 4.Nxd4 Nf6 5.Nc3 a6 6.Bg5 e6 7.f4 Qb6 8.Qd2 Qxb2
9.Rb1 Qa3 10.f5 Nc6 11.fxe6 fxe6 12.Nxc6 bxc6 13.e5 dxe5 14.Bxf6 gxf6 15.Ne4 Be7
16.Be2 h5 17.Rf1 Qxa2 18.Rd1 Qd5 19.Qe3 Qa5+ 20.c3 f5 21.Qg3 Kf7 22.Rxf5+ exf5
23.Bc4+ Qd5 24.Bxd5+ cxd5 25.Qxe5 Re8 26.Qxd5+ Be6 27.Nd6+ Bxd6 28.Qxd6 Bb3+
29.Kf2 Bxd1 30.Qxd1 Kg6 31.Qd6+ Kg7 32.Qd7+ Kg6 33.Qd6+ Kg7 34.Qd7+ Kf6 35.Qc6+ Kf7
36.Qd5+  1/2-1/2

[Event "TCh-SWE Elitserien 2004-5"]
[Site "Malmo SWE"]
[Date "2005.03.13"]
[Round "11"]
[White "De Firmian,N"]
[Black "Johannessen,LE"]
[Result "1/2-1/2"]
[WhiteElo "2550"]
[BlackElo "2516"]

1.e4 c5 2.Nf3 Nc6 3.d4 cxd4 4.Nxd4 Nf6 5.Nc3 e5 6.Ndb5 d6 7.Bg5 a6 8.Na3 b5
9.Bxf6 gxf6 10.Nd5 Bg7 11.c3 f5 12.exf5 Bxf5 13.Nc2 O-O 14.Nce3 Be6 15.Bd3 f5
16.O-O Ra7 17.a4 Ne7 18.Nxe7+ Rxe7 19.axb5 axb5 20.Bxb5 d5 21.Ra6 f4 22.Rxe6 Rxe6
23.Qxd5 Qxd5 24.Nxd5 e4 25.g3 f3 26.b4 Kh8 27.Rd1 Bh6 28.c4 e3 29.fxe3 Bxe3+
30.Nxe3 Rxe3 31.Bc6 Rc3 32.Bd5 Rb3 33.b5 Rb2 34.Rf1 f2+ 35.Kg2 Kg7 36.h4 h6
37.Bf3 Rc8 38.Bc6 Rf8 39.Bd5 Rf6 40.Bf3 Rc2 41.Rxf2 Rxc4 42.Rb2 Rb6 43.Kh2 Rc5
44.Be2 Kf6 45.Kh3 Rc3 46.Bf1 Kg7 47.Kh2 h5 48.Bh3 Rd3 49.Bg2 Rc3 50.Bf1  1/2-1/2